| 000 | 00637pam a2200229 a 4500 | ||
|---|---|---|---|
| 999 |
_c20384 _d20384 |
||
| 001 | 4906451 | ||
| 003 | OSt | ||
| 005 | 20210216123644.0 | ||
| 008 | 940715s1995 nyua b 001 0 eng | ||
| 010 | _a 94022832 | ||
| 020 | _a0716720094 | ||
| 040 |
_aMMU _cMMU _dMMU _beng |
||
| 050 | 0 | 0 |
_aQP514.2 _b.S66 1995 |
| 100 | 1 | _aStryer, Lubert. | |
| 245 | 1 | 0 |
_aBiochemistry / _cLubert Stryer. |
| 250 | _a4th ed. | ||
| 260 |
_aNew York : _bW.H. Freeman, _cc1995. |
||
| 300 |
_axxxiv, 1064 p. : _bill. (some col.) ; _c29 cm. |
||
| 500 | _aIncludes bibliographical references and index. | ||
| 650 | 0 | 0 | _aBiochemistry. |
| 942 |
_2lcc _cLOAN LOAN |
||